书目信息 |
| 题名: |
船舶电气与控制
|
|
| 作者: | 高兴斌 主编 | |
| 分册: | ||
| 出版信息: | 北京 人民交通出版社 2013 |
|
| 页数: | 246页 | |
| 开本: | 26cm | |
| 丛书名: | ||
| 单 册: | ||
| 中图分类: | U665 | |
| 科图分类: | ||
| 主题词: | 船用电气设备--电气控制 , 船用电气设备 , 电气控制 | |
| 电子资源: | ||
| ISBN: | 978-7-114-10956-0 | |
| 000 | 01108nam0 2200277 450 | |
| 001 | 2336793113 | |
| 005 | 20231125101325.38 | |
| 010 | @a978-7-114-10956-0@dCNY38.00 | |
| 090 | @aU665@bgxb | |
| 100 | @a20140429d2013 em y0chiy50 ea | |
| 101 | 0 | @achi |
| 102 | @aCN@b110000 | |
| 105 | @aa z 000yy | |
| 200 | 1 | @a船舶电气与控制@Achuan bo dian qi yu kong zhi@dMarine electrical and control equipments@f高兴斌主编@zeng |
| 210 | @a北京@c人民交通出版社@d2013 | |
| 215 | @a246页@c图@d26cm | |
| 300 | @a交通版高等职业教育规划教材 | |
| 330 | @a本书共12章,主要内容包括直流电机、变压器、异步电动机、同步电机、控制电机、电力拖动基础、电力拖动的继电—接触器控制、机舱辅机电力拖动及控制系统、甲板机械电力拖动及控制系统、舵机电力拖动及控制系统、船舶照明及航行信号灯系统、船舶电气安全与管理以及附录。 | |
| 510 | 1 | @aMarine electrical and control equipments@zeng |
| 606 | 0 | @a船用电气设备@x电气控制 |
| 606 | 0 | @a船用电气设备 |
| 606 | 0 | @a电气控制 |
| 690 | @aU665@v5 | |
| 701 | 0 | @a高兴斌@Agao xing bin@c(职业教育)@4主编 |
| 801 | 0 | @aCN@b大连网信软件有限公司图书馆·11@c20231125 |
| 905 | @aBZT@dU665@e6 | |
| 船舶电气与控制=Marine electrical and control equipments/高兴斌主编.-北京:人民交通出版社,2013 |
| 246页:图;26cm |
| 交通版高等职业教育规划教材 |
| ISBN 978-7-114-10956-0:CNY38.00 |
| 本书共12章,主要内容包括直流电机、变压器、异步电动机、同步电机、控制电机、电力拖动基础、电力拖动的继电—接触器控制、机舱辅机电力拖动及控制系统、甲板机械电力拖动及控制系统、舵机电力拖动及控制系统、船舶照明及航行信号灯系统、船舶电气安全与管理以及附录。 |
| ● |
| 相关链接 |
|
|
|
正题名:船舶电气与控制
索取号:U665/6
 
预约/预借
| 序号 | 登录号 | 条形码 | 馆藏地/架位号 | 状态 | 备注 |
| 1 | 2001079302 | 2001079302 | 东辅楼二楼书库/ [索取号:U665/6] | 在馆 | |
| 2 | 2001079303 | 2001079303 | 东辅楼二楼书库/ [索取号:U665/6] | 在馆 | |
| 3 | 2001079304 | 2001079304 | 东辅楼二楼书库/ [索取号:U665/6] | 在馆 | |
| 4 | 2001079305 | 2001079305 | 东辅楼二楼书库/ [索取号:U665/6] | 在馆 | |
| 5 | 2001079306 | 2001079306 | 东辅楼二楼书库/ [索取号:U665/6] | 在馆 | |
| 6 | 2001079307 | 2001079307 | 东辅楼二楼书库/ [索取号:U665/6] | 在馆 | |
| 7 | 2001079308 | 2001079308 | 东辅楼二楼书库/ [索取号:U665/6] | 在馆 | |
| 8 | 2001079309 | 2001079309 | 东辅楼二楼书库/ [索取号:U665/6] | 在馆 | |
| 9 | 2001079310 | 2001079310 | 东辅楼二楼书库/ [索取号:U665/6] | 在馆 | |
| 10 | 2001079311 | 2001079311 | 东辅楼二楼书库/ [索取号:U665/6] | 在馆 | |
| 11 | 2001079312 | 2001079312 | 东辅楼二楼书库/ [索取号:U665/6] | 在馆 | |
| 12 | 2001079313 | 2001079313 | 东辅楼二楼书库/ [索取号:U665/6] | 在馆 | |
| 13 | 2001079314 | 2001079314 | 东辅楼二楼书库/ [索取号:U665/6] | 在馆 | |
| 14 | 2001079315 | 2001079315 | 东辅楼二楼书库/ [索取号:U665/6] | 在馆 | |
| 15 | 2001079316 | 2001079316 | 东辅楼二楼书库/ [索取号:U665/6] | 在馆 | |
| 16 | 2001079317 | 2001079317 | 东辅楼二楼书库/ [索取号:U665/6] | 在馆 | |
| 17 | 2001079318 | 2001079318 | 东辅楼二楼书库/ [索取号:U665/6] | 在馆 | |
| 18 | 2001079319 | 2001079319 | 东辅楼二楼书库/ [索取号:U665/6] | 在馆 | |
| 19 | 2001079320 | 2001079320 | 东辅楼二楼书库/ [索取号:U665/6] | 在馆 | |
| 20 | 2001079321 | 2001079321 | 东辅楼二楼书库/ [索取号:U665/6] | 在馆 | |
| 21 | 2001079322 | 2001079322 | 东辅楼二楼书库/ [索取号:U665/6] | 在馆 | |
| 22 | 2001079323 | 2001079323 | 东辅楼二楼书库/ [索取号:U665/6] | 在馆 | |
| 23 | 2001079324 | 2001079324 | 东辅楼二楼书库/ [索取号:U665/6] | 在馆 | |
| 24 | 2001079325 | 2001079325 | 东辅楼二楼书库/ [索取号:U665/6] | 在馆 | |
| 25 | 2001079326 | 2001079326 | 东辅楼二楼书库/ [索取号:U665/6] | 在馆 | |
| 26 | 2001079327 | 2001079327 | 东辅楼二楼书库/ [索取号:U665/6] | 在馆 | |
| 27 | 2001079328 | 2001079328 | 东辅楼二楼书库/ [索取号:U665/6] | 在馆 | |
| 28 | 2001079329 | 2001079329 | 东辅楼二楼书库/ [索取号:U665/6] | 在馆 | |
| 29 | 2001079330 | 2001079330 | 东辅楼二楼书库/ [索取号:U665/6] | 在馆 | |
| 30 | 2001079331 | 2001079331 | 东辅楼二楼书库/ [索取号:U665/6] | 在馆 |